[Event "CAN-ch U08"]
[Site "Richmond Hill"]
[Date "2011.07.08"]
[Round "6"]
[White "Rapin, Oliver"]
[Black "Allard, Max"]
[Result "1-0"]
[WhiteElo "610"]
[BlackElo "924"]
[PlyCount "59"]
[EventDate "2011.07.06"]
[EventType "swiss"]
[EventRounds "7"]
[EventCountry "CAN"]
[SourceTitle "EXT 2022"]
[Source "ChessBase"]
[SourceDate "2021.10.06"]
[SourceVersion "1"]
[SourceVersionDate "2021.10.06"]
[SourceQuality "1"]

1. e4 e5 2. Nf3 Nc6 3. c3 Nf6 4. d4 d6 5. h3 Nxe4 6. Bd3 Bf5 7. g4 Nxf2 8. Kxf2 Bxd3 9. Qxd3 exd4 10. cxd4 Nb4 11. Qd1 Qh4+ 12. Nxh4 Be7 13. Kg3 Nd5 14. Ng2 b6 15. Nf4 Ne3 16. Bxe3 c5 17. dxc5 bxc5 18. Nd5 Bd8 19. Nf4 Bf6 20. Qd2 Rb8 21. a4 Bxb2 22. Ra2 c4 23. Bxa7 Rb7 24. Rxb2 Rc7 25. Bb8 c3 26. Nxc3 Rc8 27. Bxd6 Rd8 28. Re1+ Kd7 29. Rb7+ Kc6 30. Qd5# 1-0